University Home | Library Home | Institutional Repository

Omar khayyam: (Record no. 118564)

MARC details
000 -LEADER
fixed length control field 00500cam a2200157 4500
008 - FIXED-LENGTH DATA ELEMENTS--GENERAL INFORMATION
fixed length control field 120618n 000 0 eng u
020 ## - INTERNATIONAL STANDARD BOOK NUMBER
International Standard Book Number 9780750947152
035 ## - SYSTEM CONTROL NUMBER
System control number (Sirsi) a176518
050 ## - LIBRARY OF CONGRESS CALL NUMBER
Classification number PN50 TEI 2007
100 ## - MAIN ENTRY--PERSONAL NAME
Personal name Teimourian, Hazhir
245 ## - TITLE STATEMENT
Title Omar khayyam:
Remainder of title poet, rebel and astronomer/
Statement of responsibility, etc. Hazhir Teimourian
260 ## - PUBLICATION, DISTRIBUTION, ETC.
Place of publication, distribution, etc. Gloucestershire:
Name of publisher, distributor, etc. Sutton,
Date of publication, distribution, etc. 2007.
300 ## - PHYSICAL DESCRIPTION
Extent x, 365p.:
Other physical details ill.
504 ## - BIBLIOGRAPHY, ETC. NOTE
Bibliography, etc. note Includes bibliographical referenves and index
650 ## - SUBJECT ADDED ENTRY--TOPICAL TERM
Topical term or geographic name entry element Literature and history
Holdings
Withdrawn status Lost status Source of classification or shelving scheme Damaged status Not for loan Home library Current library Shelving location Cost, normal purchase price Total Checkouts Full call number Barcode Date last seen Copy number Price effective from Koha item type
    Library of Congress Classification     Main Library Main Library On Shelf 0.00   PN50 TEI 2007 33729004881657 08/21/2019 1 08/21/2019 Book
© 2026 - The University of Zambia Library - Koha v25.11